00944 2200301 4500001002100000005001500021035002000036007000300056008004100059020002200100082001500122084001700137100002800154245009500182250003400277300004700311650004400358264003200402336002100434337003000455338002300485040002200508090002200530850001200552504003400564999002200598990002200620INLIS00000000090128620260108020634 a0010-0126000219ta260108s2025 yoi g ind d a978-634-01-1592-504223a332.75 a332.75 RON t0 aRonald SaijaePengarang10aTeori equal of justice :bdiagnosis homologasi pailit perusahaan kesehatan /cRonald Saija aCetakan pertama: Oktober 2025 axii, 198 halaman :bgambar, tabel ;c20 cm 4aBangkrut--xUndang-undang dan peraturan31aSleman :bDeepublish,c2025 2rdacontentateks 2rdamediaatanpa perantara 2rdacarrieravolume aYOPDYOGbinderda aCB-D.11 2025-3997 aYOPDYOG aBibliografi : halaman 189-197 aCB-D.11/2025-3997 aCB-D.11/2025-3997